000 00598nam a2200217Ia 4500
005 20241129104129.0
008 241129s9999||||xx |||||||||||||| ||und||
020 _a9780262036160
037 _aTextual
040 _aRTL
_beng
_cRTL
041 _aeng
_2eng
084 _aX:31.73 Q7
_qRTL
100 _aTemin Peter
245 0 _aVanishing class: Prejudice and power in a dual economy
_cTemin Peter
260 _aCambridge
_bMIT Press
_c2017
300 _axvii,234p
365 _aINR
_b2302.16
650 _aEconomics
942 _cTB
_hX:31.73 Q7
999 _c1224550
_d1224550